[Event "EYCC 2024 - G14"]
[Site "?"]
[Date "2024.08.24"]
[Round "3.9"]
[White "Barazovsky, Tamar"]
[Black "Tokarz, Gabriela"]
[Result "0-1"]
[BlackElo "1845"]
[WhiteElo "1682"]
[LiveChessVersion "1.4.8"]

1. e4 {[%clk 1:30:59]} c5 {[%clk 1:30:56]} 2. Nf3 {[%clk 1:31:25]} Nc6
{[%clk 1:31:20]} 3. d4 {[%clk 1:31:50]} cxd4 {[%clk 1:31:46]} 4. Nxd4
{[%clk 1:32:15]} e6 {[%clk 1:32:12]} 5. Nc3 {[%clk 1:32:24]} Qc7 {[%clk 1:32:38]}
6. g3 {[%clk 1:32:33]} a6 {[%clk 1:32:58]} 7. Bg2 {[%clk 1:32:48]} Nf6
{[%clk 1:33:20]} 8. O-O {[%clk 1:32:58]} Nxd4 {[%clk 1:33:47]} 9. Qxd4
{[%clk 1:33:15]} Bc5 {[%clk 1:34:10]} 10. Bf4 {[%clk 1:33:10]} d6
{[%clk 1:34:31]} 11. Qd2 {[%clk 1:33:16]} h6 {[%clk 1:34:23]} 12. Rad1
{[%clk 1:31:43]} e5 {[%clk 1:34:17]} 13. Be3 {[%clk 1:31:28]} Bg4
{[%clk 1:32:56]} 14. f3 {[%clk 1:01:00]} Be6 {[%clk 1:32:50]} 15. Bf2
{[%clk 0:50:14]} O-O {[%clk 1:31:28]} 16. b3 {[%clk 0:39:02]} Bb4
{[%clk 1:22:13]} 17. Nb5 {[%clk 0:25:00]} axb5 {[%clk 1:21:27]} 18. Qxb4
{[%clk 0:25:07]} Rxa2 {[%clk 1:21:25]} 19. Qxd6 {[%clk 0:12:16]} Qxd6
{[%clk 1:21:14]} 20. Rxd6 {[%clk 0:12:32]} Rxc2 {[%clk 1:21:38]} 21. Rb6
{[%clk 0:11:48]} Bxb3 {[%clk 1:21:37]} 22. Rxb5 {[%clk 0:03:49]} Bc4
{[%clk 1:21:20]} 23. Rc5 {[%clk 0:03:30]} Ra8 {[%clk 1:21:06]} 24. Bh3
{[%clk 0:01:26]} Bxf1 {[%clk 1:21:18]} 25. Bxf1 {[%clk 0:01:15]} Rxc5
{[%clk 1:21:11]} 26. Bxc5 {[%clk 0:01:43]} b5 {[%clk 1:20:24]} 27. Bd6
{[%clk 0:01:38]} Rd8 {[%clk 1:19:27]} 28. Bxe5 {[%clk 0:01:43]} b4
{[%clk 1:19:16]} 29. Bc4 {[%clk 0:01:15]} Ne8 {[%clk 1:18:44]} 30. Bb3
{[%clk 0:00:43]} Rd3 {[%clk 1:17:35]} 31. Ba4 {[%clk 0:00:47]} Kf8
{[%clk 1:17:19]} 32. Kf2 {[%clk 0:00:38]} f6 {[%clk 1:17:39]} 33. Bf4
{[%clk 0:00:37]} Ra3 {[%clk 1:17:25]} 34. Bxe8 {[%clk 0:00:35]} Kxe8
{[%clk 1:17:48]} 35. Bd6 {[%clk 0:00:52]} Ra2+ {[%clk 1:18:10]} 36. Ke1
{[%clk 0:00:54]} b3 {[%clk 1:18:31]} 37. Kd1 {[%clk 0:00:42]} Rxh2
{[%clk 1:18:54]} 38. Kc1 {[%clk 0:00:45]} Rf2 {[%clk 1:19:16]} 39. f4
{[%clk 0:00:41]} g6 {[%clk 1:19:05]} 40. g4 {[%clk 0:00:37]} Kd7 {[%clk 1:19:11]}
41. Bb8 {[%clk 0:00:41]} Re2 {[%clk 1:19:17]} 42. e5 {[%clk 0:00:45]} fxe5
{[%clk 1:19:41]} 43. fxe5 {[%clk 0:00:49]} Ke6 {[%clk 1:20:04]} 44. Kb1
{[%clk 0:00:33]} h5 {[%clk 1:20:26]} 45. gxh5 {[%clk 0:00:46]} gxh5
{[%clk 1:20:52]} 46. Bd6 {[%clk 0:00:45]} h4 {[%clk 1:21:18]} 47. Bc5
{[%clk 0:00:43]} h3 {[%clk 1:21:34]} 48. Bg1 {[%clk 0:00:55]} h2 {[%clk 1:22:00]}
49. Bxh2 {[%clk 0:01:09]} Rxh2 {[%clk 1:22:27]} 50. Kc1 {[%clk 0:00:57]} Kxe5
{[%clk 1:22:53]} 51. Kb1 {[%clk 0:00:54]} Kd4 {[%clk 1:23:19]} 0-1

[Event "EYCC 2024 - G14"]
[Site "?"]
[Date "2024.08.24"]
[Round "3.10"]
[White "Aldea, Maria-Antonia"]
[Black "Rudzinskaite, Ula"]
[Result "1-0"]
[BlackElo "1677"]
[WhiteElo "1827"]
[LiveChessVersion "1.4.8"]

1. d4 {[%clk 1:30:58]} f5 {[%clk 1:30:53]} 2. g3 {[%clk 1:31:22]} Nf6
{[%clk 1:31:16]} 3. Bg2 {[%clk 1:31:45]} g6 {[%clk 1:31:41]} 4. c4 Bg7
{[%clk 1:32:06]} 5. Nc3 {[%clk 1:32:24]} d6 {[%clk 1:32:25]} 6. Nh3
{[%clk 1:32:19]} O-O {[%clk 1:32:29]} 7. d5 {[%clk 1:32:18]} a5 {[%clk 1:32:27]}
8. Nf4 {[%clk 1:31:36]} Na6 {[%clk 1:32:24]} 9. h4 {[%clk 1:31:42]} Qe8
{[%clk 1:27:59]} 10. h5 {[%clk 1:30:15]} Nc5 {[%clk 1:23:14]} 11. hxg6
{[%clk 1:28:08]} hxg6 {[%clk 1:23:37]} 12. Nb5 {[%clk 1:15:11]} Na6 13. Nd4
{[%clk 1:02:55]} Nc5 {[%clk 1:21:34]} 14. Nb5 {[%clk 0:55:43]} Na6
{[%clk 1:19:47]} 15. Bd2 {[%clk 0:41:31]} Bd7 {[%clk 1:15:52]} 16. Nd4
{[%clk 0:39:32]} Nc5 {[%clk 1:14:56]} 17. Bc3 {[%clk 0:38:26]} Nfe4
{[%clk 1:11:36]} 18. Bxe4 {[%clk 0:28:31]} fxe4 {[%clk 0:52:14]} 19. Nde6
{[%clk 0:25:27]} Bxc3+ {[%clk 0:52:01]} 20. bxc3 {[%clk 0:25:53]} Bxe6
{[%clk 0:52:17]} 21. Nxe6 {[%clk 0:22:04]} Nxe6 {[%clk 0:51:02]} 22. dxe6
{[%clk 0:22:32]} Rf5 {[%clk 0:45:01]} 23. Qd4 {[%clk 0:20:07]} Re5
{[%clk 0:45:27]} 24. Rh4 {[%clk 0:17:31]} Qc6 {[%clk 0:41:49]} 25. O-O-O
{[%clk 0:10:25]} Qb6 {[%clk 0:41:38]} 26. Rdh1 {[%clk 0:08:35]} Kg7
{[%clk 0:37:42]} 27. g4 {[%clk 0:02:47]} Qxd4 {[%clk 0:36:08]} 28. cxd4
{[%clk 0:03:12]} Rxe6 {[%clk 0:36:12]} 29. g5 {[%clk 0:02:59]} Rg8
{[%clk 0:35:43]} 30. Kd2 {[%clk 0:02:42]} c6 {[%clk 0:34:20]} 31. Rh7+
{[%clk 0:02:32]} Kf8 {[%clk 0:34:28]} 32. Rb1 {[%clk 0:02:49]} Rg7
{[%clk 0:34:23]} 33. Rh8+ {[%clk 0:02:24]} Rg8 {[%clk 0:34:49]} 34. Rxg8+
{[%clk 0:02:01]} Kxg8 {[%clk 0:35:15]} 35. Rxb7 {[%clk 0:02:28]} d5
{[%clk 0:34:48]} 36. c5 {[%clk 0:01:24]} e3+ {[%clk 0:35:13]} 37. fxe3
{[%clk 0:01:51]} Re4 {[%clk 0:35:39]} 38. Rb6 Re6 {[%clk 0:33:26]} 39. Ra6
{[%clk 0:02:27]} Kf8 {[%clk 0:33:48]} 40. Ra8+ {[%clk 0:02:00]} Kf7
{[%clk 0:34:14]} 41. Rxa5 {[%clk 0:02:26]} Ke8 {[%clk 0:34:38]} 42. Ra6
{[%clk 0:02:07]} Kd7 {[%clk 0:35:02]} 43. Rb6 {[%clk 0:02:34]} Re4
{[%clk 0:35:04]} 44. a4 {[%clk 0:02:13]} e5 {[%clk 0:34:59]} 45. Kd3
{[%clk 0:01:58]} exd4 {[%clk 0:35:18]} 46. exd4 {[%clk 0:02:26]} Rg4
{[%clk 0:35:28]} 47. a5 {[%clk 0:02:09]} Rxg5 {[%clk 0:35:33]} 48. a6
{[%clk 0:01:42]} Rg1 {[%clk 0:34:22]} 49. a7 {[%clk 0:01:30]} Ra1
{[%clk 0:34:47]} 50. Rb7+ {[%clk 0:01:58]} Ke6 {[%clk 0:34:37]} 51. Ke3
{[%clk 0:00:37]} Kf5 {[%clk 0:34:47]} 52. Kf3 {[%clk 0:00:41]} Ra3+
{[%clk 0:33:41]} 53. e3 {[%clk 0:00:50]} Kg5 {[%clk 0:33:40]} 54. Rc7
{[%clk 0:01:03]} Kh5 {[%clk 0:33:51]} 55. Rxc6 {[%clk 0:01:09]} Rxa7
{[%clk 0:34:16]} 56. Rd6 {[%clk 0:01:36]} Rf7+ {[%clk 0:34:01]} 57. Kg3
{[%clk 0:01:57]} g5 {[%clk 0:32:47]} 58. Rxd5 {[%clk 0:02:21]} Re7
{[%clk 0:33:01]} 59. Re5 {[%clk 0:02:43]} 1-0

[Event "EYCC 2024 - G14"]
[Site "?"]
[Date "2024.08.24"]
[Round "3.11"]
[White "Li, Stella"]
[Black "Kalandadze, Mariam"]
[Result "0-1"]
[BlackElo "1826"]
[WhiteElo "1665"]
[LiveChessVersion "1.4.8"]

1. e4 {[%clk 1:30:59]} c5 {[%clk 1:30:55]} 2. Nf3 {[%clk 1:31:15]} d6
{[%clk 1:31:19]} 3. d4 {[%clk 1:31:09]} cxd4 {[%clk 1:31:44]} 4. Nxd4
{[%clk 1:31:35]} Nf6 {[%clk 1:32:09]} 5. Nc3 {[%clk 1:31:43]} a6 {[%clk 1:32:34]}
6. Bd3 {[%clk 1:31:58]} e5 {[%clk 1:32:34]} 7. Nde2 {[%clk 1:30:58]} Be7
{[%clk 1:31:51]} 8. O-O O-O {[%clk 1:31:53]} 9. b3 {[%clk 1:27:38]} Be6
{[%clk 1:30:03]} 10. Bb2 {[%clk 1:27:25]} h6 {[%clk 1:26:10]} 11. h3
{[%clk 1:23:58]} b5 {[%clk 1:13:00]} 12. a3 {[%clk 1:22:38]} Nbd7
{[%clk 1:10:31]} 13. Ng3 {[%clk 1:20:50]} Nb6 {[%clk 1:03:46]} 14. Qe2
{[%clk 1:09:21]} Qc7 {[%clk 0:56:54]} 15. Nd1 {[%clk 1:04:39]} Nfd7
{[%clk 0:50:52]} 16. Ne3 {[%clk 1:03:06]} d5 {[%clk 0:42:41]} 17. exd5
{[%clk 0:54:13]} Nxd5 {[%clk 0:42:01]} 18. Nxd5 {[%clk 0:52:34]} Bxd5
{[%clk 0:42:23]} 19. Nf5 {[%clk 0:38:18]} Bf6 {[%clk 0:39:33]} 20. Qg4
{[%clk 0:36:31]} Kh8 {[%clk 0:34:22]} 21. Ne3 {[%clk 0:13:51]} Be6
{[%clk 0:30:54]} 22. Bf5 {[%clk 0:10:58]} Bxf5 {[%clk 0:30:46]} 23. Qxf5
{[%clk 0:11:19]} g6 {[%clk 0:27:49]} 24. Qf3 {[%clk 0:08:53]} Bg7
{[%clk 0:25:53]} 25. Rac1 {[%clk 0:08:22]} Nb6 {[%clk 0:10:31]} 26. Ng4
{[%clk 0:06:14]} Nd7 {[%clk 0:04:25]} 27. Qe3 {[%clk 0:05:00]} f5
{[%clk 0:02:32]} 28. Nh2 {[%clk 0:04:47]} Kh7 {[%clk 0:02:37]} 29. Rfd1
{[%clk 0:03:42]} Rac8 {[%clk 0:01:04]} 30. c4 {[%clk 0:03:43]} Qb7
{[%clk 0:01:07]} 31. c5 {[%clk 0:03:48]} f4 {[%clk 0:01:02]} 32. c6
{[%clk 0:02:24]} Rxc6 {[%clk 0:01:30]} 33. Qd3 {[%clk 0:02:02]} Rxc1
{[%clk 0:01:15]} 34. Bxc1 {[%clk 0:02:24]} Nc5 {[%clk 0:01:26]} 35. Qb1
{[%clk 0:01:58]} e4 {[%clk 0:01:10]} 36. Ng4 {[%clk 0:02:08]} h5 {[%clk 0:01:18]}
37. b4 {[%clk 0:02:00]} Nd3 {[%clk 0:01:39]} 38. Nh2 {[%clk 0:02:17]} Rc8
{[%clk 0:01:07]} 39. Bd2 {[%clk 0:02:05]} Qb6 {[%clk 0:00:47]} 40. Be1
{[%clk 0:02:20]} Bd4 {[%clk 0:00:51]} 41. Rxd3 {[%clk 0:01:54]} exd3
{[%clk 0:01:13]} 42. Qxd3 {[%clk 0:02:21]} Rc1 {[%clk 0:01:10]} 43. Nf3
{[%clk 0:02:09]} Bxf2+ {[%clk 0:01:14]} 44. Kf1 {[%clk 0:02:27]} Bxe1
{[%clk 0:00:48]} 45. Nxe1 {[%clk 0:02:16]} Qe3 {[%clk 0:00:35]} 46. Qxe3
{[%clk 0:02:12]} fxe3 {[%clk 0:01:02]} 47. Ke2 {[%clk 0:02:37]} Rc3 48. Nd3
{[%clk 0:02:57]} Rxa3 {[%clk 0:01:19]} 49. Kxe3 {[%clk 0:03:23]} Rb3
{[%clk 0:00:37]} 50. Ke4 {[%clk 0:03:41]} Kg7 {[%clk 0:00:58]} 51. g4
{[%clk 0:04:00]} hxg4 {[%clk 0:01:02]} 52. hxg4 {[%clk 0:04:25]} g5
{[%clk 0:00:43]} 53. Kd4 {[%clk 0:04:32]} Kf6 {[%clk 0:00:50]} 54. Ke4
{[%clk 0:04:57]} Kg7 {[%clk 0:00:51]} 55. Kd4 {[%clk 0:05:15]} Kf8
{[%clk 0:00:41]} 56. Ke4 {[%clk 0:05:36]} Ke7 {[%clk 0:01:01]} 57. Kd4
{[%clk 0:06:01]} Kd6 {[%clk 0:01:18]} 58. Ke4 {[%clk 0:06:15]} Rxd3
{[%clk 0:01:11]} 59. Kxd3 {[%clk 0:06:40]} Kd5 {[%clk 0:01:39]} 60. Ke3
{[%clk 0:07:03]} Ke5 {[%clk 0:01:27]} 61. Kf3 {[%clk 0:06:56]} Kd4
{[%clk 0:01:50]} 62. Ke2 {[%clk 0:07:13]} Kc4 {[%clk 0:01:59]} 63. Ke3
{[%clk 0:07:41]} Kxb4 {[%clk 0:02:24]} 64. Ke4 {[%clk 0:08:07]} Kc3
{[%clk 0:02:31]} 65. Kf5 {[%clk 0:08:34]} b4 {[%clk 0:02:57]} 66. Kxg5
{[%clk 0:09:01]} b3 {[%clk 0:03:24]} 67. Kf6 {[%clk 0:09:25]} b2 {[%clk 0:03:51]}
68. g5 {[%clk 0:09:51]} b1=Q {[%clk 0:04:17]} 69. g6 {[%clk 0:10:17]} Qxg6+
{[%clk 0:04:29]} 70. Kxg6 {[%clk 0:10:43]} a5 {[%clk 0:04:57]} 71. Kf5
{[%clk 0:11:10]} a4 {[%clk 0:05:23]} 72. Kf4 {[%clk 0:11:37]} a3 {[%clk 0:05:49]}
73. Ke3 {[%clk 0:12:04]} a2 {[%clk 0:06:16]} 74. Ke4 {[%clk 0:12:31]} a1=Q
{[%clk 0:06:42]} 75. Ke5 {[%clk 0:12:59]} Qa5+ {[%clk 0:07:00]} 76. Kd6
{[%clk 0:13:25]} Kd4 {[%clk 0:07:22]} 77. Ke6 {[%clk 0:13:51]} Qe5+
{[%clk 0:07:40]} 78. Kd7 {[%clk 0:14:16]} Kc5 {[%clk 0:08:01]} 79. Kd8
{[%clk 0:14:41]} Kc6 {[%clk 0:08:22]} 80. Kc8 {[%clk 0:15:05]} Qc7#
{[%clk 0:08:47]} 0-1

[Event "EYCC 2024 - G14"]
[Site "?"]
[Date "2024.08.24"]
[Round "3.12"]
[White "Krysiewicz, Zofia"]
[Black "Wieczorek, Maja"]
[Result "0-1"]
[BlackElo "1818"]
[WhiteElo "1650"]
[LiveChessVersion "1.4.8"]

1. e4 {[%clk 1:30:56]} c5 {[%clk 1:30:56]} 2. c3 {[%clk 1:31:21]} d5
{[%clk 1:31:21]} 3. exd5 {[%clk 1:31:45]} Qxd5 {[%clk 1:31:47]} 4. d4
{[%clk 1:32:07]} Nc6 {[%clk 1:32:09]} 5. Nf3 {[%clk 1:32:17]} Bf5
{[%clk 1:32:25]} 6. Na3 {[%clk 1:10:58]} cxd4 {[%clk 1:28:28]} 7. Nb5
{[%clk 1:07:56]} O-O-O {[%clk 1:27:13]} 8. cxd4 {[%clk 1:01:44]} e5
{[%clk 1:18:45]} 9. Nc3 {[%clk 0:48:30]} Bb4 {[%clk 0:58:04]} 10. Bd2
{[%clk 0:45:15]} Bxc3 {[%clk 0:43:36]} 11. bxc3 {[%clk 0:40:34]} Nf6
{[%clk 0:31:43]} 12. Bg5 {[%clk 0:30:09]} exd4 {[%clk 0:24:42]} 13. Bxf6
{[%clk 0:27:07]} Rhe8+ {[%clk 0:16:19]} 14. Be2 {[%clk 0:24:13]} gxf6
{[%clk 0:16:06]} 15. cxd4 {[%clk 0:24:10]} Nxd4 {[%clk 0:14:58]} 16. Nxd4
{[%clk 0:14:41]} Qxd4 {[%clk 0:09:27]} 17. Rc1+ {[%clk 0:14:39]} Kb8
{[%clk 0:09:45]} 18. Qxd4 {[%clk 0:15:01]} Rxd4 {[%clk 0:10:03]} 19. Kf1
{[%clk 0:13:50]} Rd2 {[%clk 0:09:34]} 20. Bh5 {[%clk 0:03:26]} Bd3+
{[%clk 0:06:09]} 21. Kg1 {[%clk 0:03:29]} Bc4 {[%clk 0:05:42]} 22. a3
{[%clk 0:02:29]} Re5 {[%clk 0:04:17]} 23. Bf3 {[%clk 0:01:04]} Be2
{[%clk 0:03:55]} 24. Rb1 {[%clk 0:00:32]} Bxf3 {[%clk 0:03:54]} 25. gxf3
{[%clk 0:00:57]} Ree2 {[%clk 0:04:15]} 26. Rf1 {[%clk 0:01:20]} Ra2
{[%clk 0:04:17]} 27. Kg2 {[%clk 0:01:36]} Rxa3 {[%clk 0:04:37]} 28. Rd1
{[%clk 0:01:44]} Raa2 {[%clk 0:01:52]} 29. Rhf1 {[%clk 0:02:02]} Kc7
{[%clk 0:02:09]} 30. Rd4 {[%clk 0:02:11]} h5 {[%clk 0:01:26]} 31. Rf4 Ra6
{[%clk 0:01:32]} 32. Rf5 {[%clk 0:02:08]} Re5 {[%clk 0:01:36]} 33. Rc1+
{[%clk 0:02:29]} Kd7 {[%clk 0:01:55]} 34. Rf4 {[%clk 0:02:48]} Rd6
{[%clk 0:02:01]} 35. Rfc4 {[%clk 0:01:37]} Ke6 {[%clk 0:01:32]} 36. f4
{[%clk 0:01:18]} Red5 {[%clk 0:01:34]} 37. Ra4 {[%clk 0:00:52]} a6
{[%clk 0:01:51]} 38. Rb4 {[%clk 0:00:58]} b5 {[%clk 0:00:56]} 39. Rc7
{[%clk 0:01:11]} Rd7 {[%clk 0:01:09]} 40. Rc6+ {[%clk 0:01:25]} R7d6
{[%clk 0:01:29]} 41. Rc7 {[%clk 0:01:46]} Rd4 {[%clk 0:01:49]} 42. Rb3
{[%clk 0:01:22]} Rxf4 {[%clk 0:01:49]} 43. Re3+ {[%clk 0:01:46]} Kf5
{[%clk 0:01:59]} 44. Rxf7 {[%clk 0:02:08]} Rd2 {[%clk 0:01:49]} 45. Ra3
{[%clk 0:01:28]} Rfxf2+ {[%clk 0:01:55]} 46. Kg3 {[%clk 0:01:38]} Rg2+
{[%clk 0:02:00]} 47. Kf3 {[%clk 0:02:02]} Ra2 {[%clk 0:01:54]} 48. Rc3
{[%clk 0:02:17]} Rxh2 {[%clk 0:01:40]} 49. Rc6 {[%clk 0:02:42]} Rh3#
{[%clk 0:02:04]} 0-1

[Event "EYCC 2024 - G14"]
[Site "?"]
[Date "2024.08.24"]
[Round "3.13"]
[White "Horkova, Tereza"]
[Black "Barteckova, Nikol"]
[Result "1/2-1/2"]
[BlackElo "1669"]
[WhiteElo "1805"]
[LiveChessVersion "1.4.8"]

1. e4 {[%clk 1:30:58]} e6 {[%clk 1:30:44]} 2. d4 {[%clk 1:31:17]} d5
{[%clk 1:31:02]} 3. exd5 {[%clk 1:31:06]} exd5 {[%clk 1:31:18]} 4. Bd3
{[%clk 1:30:43]} Bd6 {[%clk 1:31:20]} 5. c3 {[%clk 1:30:14]} c6 {[%clk 1:31:31]}
6. Nf3 {[%clk 1:26:52]} Nf6 {[%clk 1:28:28]} 7. O-O {[%clk 1:25:06]} O-O
{[%clk 1:27:58]} 8. Bg5 {[%clk 1:22:21]} Bg4 {[%clk 1:19:01]} 9. Nbd2
{[%clk 1:19:34]} Nbd7 {[%clk 1:18:37]} 10. Qc2 {[%clk 1:16:32]} h6
{[%clk 1:17:34]} 11. Bh4 {[%clk 1:10:35]} Re8 {[%clk 1:14:47]} 12. Rae1
{[%clk 1:00:57]} Qc7 {[%clk 1:13:17]} 13. Bg3 {[%clk 0:59:13]} Bxg3
{[%clk 1:12:28]} 14. fxg3 {[%clk 0:58:08]} Rac8 {[%clk 1:08:21]} 15. Kh1
{[%clk 0:44:56]} b6 {[%clk 1:02:31]} 16. Nh4 {[%clk 0:39:50]} c5 {[%clk 0:59:05]}
17. dxc5 {[%clk 0:34:21]} 1/2-1/2

[Event "EYCC 2024 - G14"]
[Site "?"]
[Date "2024.08.24"]
[Round "3.14"]
[White "Hangyal, Dora"]
[Black "Koghuashvili, Tekla"]
[Result "0-1"]
[BlackElo "1805"]
[WhiteElo "1646"]
[LiveChessVersion "1.4.8"]

1. e4 {[%clk 1:30:56]} c5 {[%clk 1:30:56]} 2. Nc3 {[%clk 1:31:20]} Nc6
{[%clk 1:31:16]} 3. g3 {[%clk 1:31:43]} g6 {[%clk 1:31:41]} 4. Bg2
{[%clk 1:32:09]} Bg7 {[%clk 1:32:06]} 5. Nge2 {[%clk 1:32:31]} e6
{[%clk 1:32:22]} 6. d3 {[%clk 1:32:24]} d6 {[%clk 1:32:31]} 7. O-O
{[%clk 1:32:44]} Nge7 {[%clk 1:32:48]} 8. Be3 {[%clk 1:32:58]} O-O
{[%clk 1:33:09]} 9. Rb1 {[%clk 1:32:14]} Rb8 {[%clk 1:33:26]} 10. a3
{[%clk 1:31:58]} b5 {[%clk 1:33:12]} 11. b4 {[%clk 1:32:09]} cxb4
{[%clk 1:32:06]} 12. axb4 {[%clk 1:32:27]} a5 {[%clk 1:26:40]} 13. Qd2
{[%clk 1:27:32]} Nxb4 {[%clk 1:22:17]} 14. Nxb5 {[%clk 1:22:27]} Rxb5
{[%clk 1:22:19]} 15. c3 {[%clk 1:22:48]} Nec6 {[%clk 1:22:01]} 16. cxb4
{[%clk 1:19:23]} axb4 {[%clk 1:22:22]} 17. d4 {[%clk 1:18:53]} d5
{[%clk 1:20:59]} 18. exd5 {[%clk 1:17:14]} exd5 {[%clk 1:21:23]} 19. Qc2
{[%clk 1:16:29]} Qb6 {[%clk 1:16:21]} 20. Qb2 {[%clk 0:58:21]} Bf5
{[%clk 1:15:53]} 21. Rbd1 {[%clk 0:55:57]} Na5 {[%clk 1:13:31]} 22. Nf4
{[%clk 0:50:03]} Rd8 {[%clk 1:11:35]} 23. Rfe1 {[%clk 0:47:09]} b3
{[%clk 1:10:00]} 24. Bf1 {[%clk 0:41:18]} Rb4 {[%clk 1:08:07]} 25. f3
{[%clk 0:37:10]} Nc4 {[%clk 1:02:40]} 26. Bxc4 {[%clk 0:36:41]} Rxc4
{[%clk 0:59:56]} 27. Rd2 {[%clk 0:33:00]} Bf8 {[%clk 0:57:51]} 28. Rde2
{[%clk 0:25:48]} Ra8 {[%clk 0:52:23]} 29. g4 {[%clk 0:19:24]} Ra2
{[%clk 0:50:49]} 30. Nxd5 {[%clk 0:19:46]} Qb7 {[%clk 0:50:53]} 31. Nf6+
{[%clk 0:18:58]} Kh8 {[%clk 0:50:19]} 32. Bh6 {[%clk 0:08:40]} Bxh6
{[%clk 0:50:07]} 33. Re7 {[%clk 0:08:22]} Qxf3 {[%clk 0:49:57]} 34. Rxf7
{[%clk 0:08:10]} Be3+ {[%clk 0:50:04]} 35. Rxe3 {[%clk 0:08:11]} Qxe3+
{[%clk 0:50:29]} 36. Kf1 {[%clk 0:08:04]} Rc1+ {[%clk 0:50:52]} 37. Qxc1
{[%clk 0:08:30]} Qxc1# {[%clk 0:51:18]} 0-1